000 01406nam a2200385 i 4500
001 57478
003 CO-BoRNBP
005 20250703143730.0
007 ta
008 210819s2017 mx a br 000 j spa d
020 _a9789681662912
040 _aCO-BoRNBP
_bspa
_erda
_cCO-BoRNBP
041 1 _aspa
_hdut
043 _ae-ne---
084 _aC VEL4
100 _aVeldkamp, Tjibbe
_d1962-
_eautor.
_960761
245 1 0 _a22 huérfanos
_ctexto Tjibbe Veldkamp; ilustraciones de Philip Hopman ; traducción de Ernestina Loyo
246 3 2 _aVeintidós huérfanos
250 _aPrimera edición.
_bTercera reimpresión
264 1 _aMéxico
_bEditorial Fondo de Cultura Económica
_c2017
300 _a26 páginas
_bilustraciones
_c29 cm
336 _atexto
_btxt
_2rdacontenido
337 _asin mediación
_bn
_2rdamedio
338 _avolumen
_bnc
_2rdasoporte
490 0 _aLos Especiales de a la Orilla del Viento
521 1 _aRecomendado para un público infantil mayor de 8 años.
534 _t22 Wezen
650 0 7 _aAlegría en la literatura
_xJuegos
_2LEMB
_960762
650 0 0 _aCuentos infantiles holandeses
_ySiglo XX
_2LEMB
_960763
650 0 0 _aLiteratura infantil holandesa
_ySiglo XX
_2LEMB
_960764
650 0 7 _aAptitud creadora en niños
_xCreatividad
_2LEMB
_960765
700 _aHopman, Philip
_eliustrador.
_960766
700 _aLoyo, Ernestina
_etraductora.
_937436
942 _2loc
_cBKLITI
999 _c57478
_d57478